Cría de codornices : para pequeños emprendedores /
Guardado en:
| Autor Principal: | |
|---|---|
| Formato: | Libro |
| Publicado: |
Buenos Aires :
Hemisferio Sur,
2006
|
| Materias: | |
| Etiquetas: |
Agregar Etiqueta
Sin Etiquetas, Sea el primero en etiquetar este registro!
|
| LEADER | 01437nam a22002655a 4500 | ||
|---|---|---|---|
| 001 | CEM.cems017578 | ||
| 005 | 20120328125756.0 | ||
| 008 | 130507s2006##################000#0#####d | ||
| 003 | CEMS | ||
| 020 | |a 9789505045891 | ||
| 082 | 0 | 4 | |a 639.978627 |
| 100 | 1 | |a Rodríguez, Fabián Oscar | |
| 245 | 1 | 0 | |a Cría de codornices : |b para pequeños emprendedores / |c Fabián Ocar Rodríguez |
| 260 | |a Buenos Aires : |b Hemisferio Sur, |c 2006 | ||
| 300 | |a 96 p. | ||
| 500 | |a Manual teórico práctico para el manejo comercial de la codorniz | ||
| 505 | 0 | |a La codorniz -- Condiciones ambientales -- Instalaciones y material -- La alimentación -- Selección y utilización de los productores -- Apareamiento -- Producción de huevos -- Incubación -- Cría de los pollos de codorniz -- Recomendaciones para el inicio de la cría -- Producción de aves para el consumo -- Genética, selección y mejora -- Enfermedades -- Pautas de comercialización -- Posibilidades comerciales -- Como invertir en nuestro emprendimiento | |
| 653 | |a Codorniz | ||
| 653 | |a Codorniz-cría | ||
| 653 | |a Codorniz-emprendimiento comercial | ||
| 653 | |a Codornices | ||
| 859 | |a CEMS |b BIB. CEMS - Agricultura |h 639.978627 |i R618 |p A1356.11 |t Ej.1 | ||
| 859 | |a CEMS |b BIB. CEMS - Agricultura |h 639.978627 |i R618 |p A1758.12 |t Ej.2 | ||
| 859 | |a CEMS |b BIB. CEMS - Agricultura |h 639.978627 |i R618 |p A1759.12 |t Ej.3 | ||
| 859 | |a CEMS |b BIB. CEMS - Agricultura |h 639.978627 |i R618 |p A3000.18 |t Ej.4 | ||
